|
|
|
|
| LEADER |
00000cac a2200000 a 4500 |
| 003 |
Ucuenca |
| 005 |
20231121062636.0 |
| 008 |
000000|1961 sp |||||r|||||||||||spa|| |
| 999 |
|
|
|c 125207
|d 125207
|
| 020 |
|
|
|a 84-282-0301-6 (tomo iv)
|
| 020 |
|
|
|a 84-282-0300-8 (obra completa)
|
| 040 |
|
|
|b spa
|a UCuenca-cdrjbv
|c UCuenca
|e rda
|
| 041 |
|
|
|a spa
|
| 082 |
0 |
|
|2 21
|a 306
|c 63295-4
|
| 100 |
1 |
|
|a Gadamer, Hans Georg
|d 1900-2002
|9 213583
|e autor
|
| 245 |
0 |
0 |
|a Antropología cultural /
|n Tomo 4.
|c Hans-Georg Gadamer y Paul Vogler.
|
| 250 |
|
|
|a Primera edición
|
| 264 |
|
1 |
|a Barcelona:
|b Ediciones Omega,
|c 1961.
|
| 300 |
|
|
|a vii, 496 páginas:
|b ilu
|c 19 cm
|
| 336 |
|
|
|2 rdacontent
|a texto
|b txt
|
| 337 |
|
|
|2 rdamedia
|a no mediado
|b n
|
| 338 |
|
|
|2 rdacarrier
|a volumen
|b nc
|
| 490 |
|
|
|a Nueva Antropología
|
| 504 |
|
|
|a incl. ref.
|
| 650 |
1 |
0 |
|a Antropología cultural
|9 396
|
| 650 |
|
0 |
|2 UCuenca-cdrjbv
|a Grupos sociales
|9 4929
|
| 650 |
1 |
7 |
|2 UCuenca-cdrjbv
|a Etnología
|9 8290
|
| 700 |
1 |
|
|a Vogler, Paul
|9 230736
|e autor
|
| 852 |
|
|
|a UC-CDJBV
|
| 942 |
|
|
|2 ddc
|c CR
|r luz.vázquez@ucuenca.edu.ec
|